000 00505nam a2200169Ia 4500
003 OSt
005 20200212105945.0
008 190216s9999||||xx |||||||||||||| ||und||
040 _coclc
082 _a297.63
_bHAW/M
100 _aHawwa, Saeed
_91927
245 0 _aMohamednabiyude Pravachakathwam Poorvavedangalil /
_cSaeed Hawwa
260 _bAl-Huda Book Stall,
_c1987.
_aCalicut:
300 _a94p
650 _xIslamic History
942 _cBK
_2ddc
_h297.63
_iHAW/M
_k297.63
_mHAW/M
999 _c22464
_d22464